| 000 | 00599cam a22002171 4500 | ||
|---|---|---|---|
| 001 | sa 65005530 | ||
| 003 | DLC | ||
| 005 | 20260227112138.0 | ||
| 008 | 950301s1964 bg ac 000 0 beno | ||
| 010 | _asa 65005530 | ||
| 025 | _aPL480:EP-B-804 | ||
| 035 | _a(OCoLC)32071344 | ||
| 040 |
_aDLC _cCU _dCU _dDLC |
||
| 050 | 0 | 0 |
_aHC440.5.Z7 _bE246 |
| 110 | 1 |
_aEast Pakistan (Pakistan). _bInformation Department. |
|
| 245 | 1 | 0 | _aSamr̥ddhira pathe Pūrbba Pākistāna. |
| 260 | _c1964. | ||
| 300 |
_a103 p. _bill., ports. _c25 cm. |
||
| 500 | _aIn Bengali. | ||
| 651 | 0 |
_aBangladesh _xEconomic policy. |
|
| 999 |
_c64383 _d64383 |
||